| 000 | 01283cam a2200373 a 4500 | ||
|---|---|---|---|
| 001 | 36372 | ||
| 003 | BD-RjUL | ||
| 005 | 20211209052457.0 | ||
| 008 | 140622s1988 dcugr s 0 1 a0eng c | ||
| 020 | _a0871874725 | ||
| 020 | _a0871874717 | ||
| 035 | _a(OCoLC)ocm24728358 | ||
| 040 |
_aViAsR _beng _cViAsR _dBD-RjUL |
||
| 041 | _aeng | ||
| 082 | 1 | 0 |
_a320.973021 _bSTV 1988 |
| 100 | 1 |
_aStanley, Harold W. _9110684 |
|
| 245 | 1 | 0 |
_aVital statistics on American politics / _cHarold W. Stanley. |
| 260 |
_aWashington, D.C. : _bCQ Press, _c1988. |
||
| 300 |
_axx, 403 p. : _bill. ; _c24 cm. |
||
| 504 | _aIncludes index. | ||
| 651 | 0 |
_aUnited States _xPolitics and government _vStatistics. _9110685 |
|
| 700 | 1 |
_aNiemi, Richard G. _9110686 |
|
| 776 | 1 |
_tVital statistics on American politics (CD-ROM) _w(DLC) 00242036 _w(OCoLC)43556337 |
|
| 776 | 1 |
_tVital statistics on American politics (Online) _w(OCoLC)71230049 |
|
| 776 | 0 | 8 |
_iOnline version: _tVital statistics on American politics _w(OCoLC)597996215 |
| 776 | 0 | 8 |
_iOnline version: _tVital statistics on American politics _w(OCoLC)607749111 |
| 942 |
_2ddc _cBK |
||
| 999 |
_c36372 _d36372 |
||